|
|
|
|
| LEADER |
00000ny a22000003n 4500 |
| 005 |
20110623173842.0 |
| 008 |
080213s2007 pe 000 0 spa c |
| 020 |
|
|
|a 9789972224461
|
| 035 |
|
|
|a 4879
|
| 040 |
|
|
|a DLC.
|c DLC.
|d vlex
|
| 090 |
|
|
|c 1097
|d 1097
|
| 100 |
1 |
|
|a Donayre Pinedo, Miguel
|
| 245 |
1 |
3 |
|a La magistratura de la persuasin̤
|h [Recurso electrn̤ico]
|b los informes del Defensor del Pueblo de Espaą (1983-1987) y de Per ︢(1998-2002) /
|c Miguel Donayre Pinedo
|
| 256 |
|
|
|6 Servicio en ln̕ea
|
| 260 |
|
|
|a Lima :
|b Palestra Editores,
|c 2007
|
| 300 |
|
|
|a v.
|
| 506 |
1 |
|
|a Contenido solo disponible en los productos indicados
|d vLex Global
|d vLex Global (Academic Edition, excluding Law Schools)
|d vLex Global (U.S. Academic Edition, Law Schools)
|d vLex Global (U.S. Academic Edition, excluding Law Schools)
|d vLex Global (Academic Edition, Law Schools)
|
| 520 |
|
|
|a El autor analiza los informes de las Defensora̕s del Pueblo de Espaą y Per ︢durante los aǫs 1983 al 2002
|
| 650 |
0 |
4 |
|a Defensor del Pueblo
|z Espaą
|
| 650 |
0 |
4 |
|a Defensor del Pueblo
|z Per︢
|
| 740 |
0 |
|
|a vLex Libros (Servicios en ln̕ea)
|
| 856 |
4 |
0 |
|u http://vlex.com/source/4879
|z Acceso restringido
|
| 942 |
|
|
|c BOOK
|
| 999 |
1 |
4 |
|a Espaą.
|b Defensor del pueblo
|
| 999 |
1 |
4 |
|a Per.︢
|b Defensora̕ del Pueblo
|